书目信息 |
| 题名: |
经典武器TOP-10
|
|
| 作者: | 陈坚 著 | |
| 分册: | 航空母舰 | |
| 出版信息: | 北京 解放军出版社 2004.1 |
|
| 页数: | 152页 | |
| 开本: | 21cm | |
| 丛书名: | ||
| 单 册: | ||
| 中图分类: | E925.671-49 , E92-49 | |
| 科图分类: | ||
| 主题词: | 武器--wu qi--世界--普及读物 , 武器--wu qi , 航空母舰--hang kong mu jian , 航空母舰--hang kong mu jian--世界--普及读物 | |
| 电子资源: | ||
| ISBN: | 7-5065-4498-9 | |
| 000 | 00921nam0 2200265 450 | |
| 001 | CAL 012006066380 | |
| 005 | 20061113111219.42 | |
| 010 | @a7-5065-4498-9@dCNY29.00 | |
| 100 | @a20061012d2004 em y0chiy0120 ea | |
| 101 | 0 | @achi |
| 102 | @aCN@b110000 | |
| 105 | @aa z 000yy | |
| 200 | 1 | @a经典武器TOP-10@Ajing dian wu qi TOP-10@i航空母舰@f陈坚等著 |
| 210 | @a北京@c解放军出版社@d2004.1 | |
| 215 | @a152页@c图@d21cm | |
| 330 | @a本书主要依据航母的综合性能、技术创新、装备情况、战场使用、历史作用等方面的比较来评选历史上最具影响力的10个经典航母, 并希望通过对它们的评点能折射出航母的发展史概貌。 | |
| 606 | 0 | @a武器@Awu qi@y世界@j普及读物 |
| 606 | 0 | @a武器@Awu qi |
| 606 | 0 | @a航空母舰@Ahang kong mu jian |
| 606 | 0 | @a航空母舰@Ahang kong mu jian@y世界@j普及读物 |
| 690 | @aE925.671-49@v4 | |
| 690 | @aE92-49@v4 | |
| 701 | 0 | @a陈坚@Achen jian@4著 |
| 801 | 0 | @aCN@c20061113 |
| 905 | @a10447@dE92-49@eC4653 | |
| 经典武器TOP-10.航空母舰/陈坚等著.-北京:解放军出版社,2004.1 |
| 152页:图;21cm |
| ISBN 7-5065-4498-9:CNY29.00 |
| 本书主要依据航母的综合性能、技术创新、装备情况、战场使用、历史作用等方面的比较来评选历史上最具影响力的10个经典航母, 并希望通过对它们的评点能折射出航母的发展史概貌。 |
| ● |
| 相关链接 |
|
|
|
正题名:经典武器TOP-10
索取号:E92-49/C4653
 
预约/预借
| 序号 | 登录号 | 条形码 | 馆藏地/架位号 | 状态 | 备注 |
| 1 | 636316 | 206363166 | 社科库509/509社科库 125排2列4层/ [索取号:E92-49/C4653] | 在馆 | |
| 2 | 636317 | 206363175 | 社科库509/509社科库 125排2列4层/ [索取号:E92-49/C4653] | 在馆 | |
| 3 | 636318 | 206363184 | 社科库509/509社科库 125排2列4层/ [索取号:E92-49/C4653] | 在馆 |